Flags of countries hanging on spider man’s school - Statistics

General Stats
  • This quiz has been taken 54 times
  • The average score is 13 of 14
Answer Stats
Picture Answer % Correct
Canada
100%
France
100%
Japan
100%
Brazil
98%
Germany
98%
Turkey
98%
Italy
95%
Sweden
93%
United Kingdom
93%
Iceland
90%
Greece
88%
Jamaica
85%
Netherlands
83%
Luxembourg
78%
No matching quizzes found
Score Distribution
Percent of People with Each Score
Percentile by Number Answered
Your Score History
You have not taken this quiz